The art of the Pacific : a commemoration of Capt. Cook (d. 1779) including works acquired on his 2nd and 3rd voyages : [catalogue of an exhibition held at] the Douglas Hyde Gallery, Trinity College, Dublin, 20th July-30th September, 1978
Αποθηκεύτηκε σε:
| Συγγραφή απο Οργανισμό/Αρχή: | |
|---|---|
| Μορφή: | Βιβλίο |
| Γλώσσα: | English |
| Δημοσίευση: |
[Dublin] :
[The Gallery],
1978
|
| Θέματα: | |
| Ετικέτες: |
Προσθήκη ετικέτας
Δεν υπάρχουν, Καταχωρήστε ετικέτα πρώτοι!
|
MARC
| LEADER | 00000cam a2200000 i 4500 | ||
|---|---|---|---|
| 001 | 1/27658 | ||
| 008 | 060405s1978 eng d | ||
| 035 | |l 10083456 | ||
| 040 | |a GR-MY-UA |b gre |e aacr | ||
| 041 | 0 | |a eng | |
| 082 | 0 | |a 709.011099 |2 (22) | |
| 110 | 2 | |a Douglas Hyde Gallery. | |
| 245 | 1 | 4 | |a The art of the Pacific : |b a commemoration of Capt. Cook (d. 1779) including works acquired on his 2nd and 3rd voyages : [catalogue of an exhibition held at] the Douglas Hyde Gallery, Trinity College, Dublin, 20th July-30th September, 1978 / |c Douglas Hyde Gallery |
| 260 | |a [Dublin] : |b [The Gallery], |c 1978 | ||
| 300 | |a 36 σ.; |b εικ.; |c 24 εκ. | ||
| 504 | |a Περιέχει ευρετήριο | ||
| 600 | 1 | 0 | |a Cook, James, |d 1728-1779 |x Ethnological collections |x Exhibitions. |
| 650 | 0 | 0 | |a Art, Pacific Island |x Exhibitions. |
| 852 | |a INST |b LESVOS |e 20060405 |h 709.011099 DOU |p 005100034837 |q 005100034837 |t BK |y 0 | ||
| 901 | |a BIBL1-2006-1 | ||
| 909 | |a Λ |b 126254 | ||
| 970 | |a ΚΑΡΑ |b ΓΙΑΣΕΜΗ |z 2006/04/05 | ||